000 00713nam a2200265Ia 4500
005 20260302114642.0
008 008 260114s9999 xx 000 0 eng d
020 _a9781472547026
037 _aTextbook
040 _aCRL
040 _beng
040 _cCRL
041 _2eng
041 _aeng
084 _qCRL
100 _aStuart Elden
_91119327
245 0 _aMapping the Present Heidegger, Foucault and the Project of a Spatial History
260 _bBloomsbury
260 _bBloomsbury Academic
260 _c2002
650 _aPhilosophy
856 _uhttps://dx.doi.org/10.5040/9781472547026?locatt=label:secondary_bloomsburyCollections
942 _cEBOOK
999 _c1683356
_d1683356